Top 50 countries by GDP - in order - Statistics

General Stats
  • This quiz has been taken 1,132 times
  • The average score is 28 of 50
Answer Stats
GDP Hint Answer % Correct
23,000 C China
99%
19,360 U United States
99%
9,447 I India
98%
5,405 J Japan
98%
4,150 G Germany
96%
4,000 R Russia
96%
2,826 F France
93%
2,880 U United Kingdom
93%
3,219 B Brazil
91%
3,243 I Indonesia
91%
2,307 I Italy
85%
2,406 M Mexico
85%
2,133 T Turkey
83%
2,027 S South Korea
77%
1,235 A Australia
74%
1,764 C Canada
74%
1,769 S Spain
73%
1,631 I Iran
69%
1,789 S Saudi Arabia
63%
1,229 T Thailand
62%
1,111 P Poland
61%
1,199 E Egypt
59%
1,118 N Nigeria
55%
1,056 P Pakistan
53%
643.9 V Vietnam
53%
911.5 A Argentina
51%
915.2 N Netherlands
51%
1,175 T Taiwan
43%
691.9 U United Arab Emirates
43%
712.5 C Colombia
41%
926.1 M Malaysia
40%
874.5 P Philippines
39%
389.4 V Venezuela
39%
757.3 S South Africa
38%
526.4 B Belgium
35%
660.7 I Iraq
34%
474.3 K Kazakhstan
34%
521.7 S Sweden
34%
516.7 S Switzerland
31%
686.5 B Bangladesh
30%
474.0 R Romania
29%
366.4 U Ukraine
27%
452.1 C Chile
25%
424.6 P Peru
25%
629.3 A Algeria
24%
434.1 A Austria
24%
344.8 I Ireland
22%
375.9 N Norway
22%
513.7 S Singapore
21%
372.6 C Czech Republic
13%
No matching quizzes found
Score Distribution
Percent of People with Each Score
Percentile by Number Answered
Your Score History
You have not taken this quiz